Postavení Alžběty II. v současném britském politickém systému
Alžbeta II. na britskom tróne od r. 1953. Kráľovské výsady a reálny potenciál výkonnej moci. Premiéri Jej Veličenstva. Vzťah verejnosti ku kráľovnej. Významná reprezentatívna úloha kráľovskej rodiny.
Uložené v:
| Hlavný autor: | |
|---|---|
| Médium: | Kapitola |
| Jazyk: | Czech |
| Predmet: | |
| Tagy: |
Žiadne tagy, Buďte prvý, kto otaguje tento záznam!
|
MARC
| LEADER | 00000nla a2200000 4500 | ||
|---|---|---|---|
| 001 | 0200000 | ||
| 005 | 20240417075056.5 | ||
| 041 | 0 | |a cze | |
| 044 | |a CZ | ||
| 245 | 1 | 0 | |a Postavení Alžběty II. v současném britském politickém systému |c Johana Kudrnová |
| 520 | |a Alžbeta II. na britskom tróne od r. 1953. Kráľovské výsady a reálny potenciál výkonnej moci. Premiéri Jej Veličenstva. Vzťah verejnosti ku kráľovnej. Významná reprezentatívna úloha kráľovskej rodiny. | ||
| 610 | 2 | 0 | |a monarchia |
| 610 | 2 | 0 | |a Veľká Británia |
| 610 | 2 | 0 | |a vláda |
| 610 | 2 | 0 | |a politika |
| 610 | 2 | 0 | |a systémy politické |
| 100 | 1 | |a Kudrnová, Johana | |